La Carrera administrativa : nuevas perspectivas / Manuel Férez Fernández nuevas perspectivas / Manuel Férez Fernández

por Férez Fernández, Manuel

ISBN: 84-9803-128-1
Publicado: Barcelona : Diputació de Barcelona. Cemical , 2006
Descripción Física: 99 p. ; 24 cm

MARC

LEADER 00000nam a2200000Ia 4500
001 18556
008 160829s2006 xx 000 0 cat d
020 |a 84-9803-128-1 
080 |a M-5-350 
100 |a Férez Fernández, Manuel  |9 42016 
245 |a La Carrera administrativa :  |b  nuevas perspectivas / Manuel Férez Fernández 
260 |a Barcelona :  |b Diputació de Barcelona. Cemical,  |c 2006 
300 |a 99 p. ;  |c 24 cm 
490 |a Estudios de relaciones laborales ; 1 
590 |a Hi ha un exemplar en català amb R. 18555 
650 |a Administració  |x Carrera   |9 42017 
650 |a Funció pública  |9 32224 
710 1 |a Consorci d'Estudis, Mediació i Conciliació a l'Administració Local (Barcelona)  |9 52747 
710 1 |a Barcelona (Catalunya : Província).  |b Diputació  |9 52408 
901 |a Arxiu 
942 |n 1 
952 |0 0  |1 0  |4 0  |6 M5350  |7 1  |9 50610  |a Arxiu  |b Arxiu  |d 2016-12-01  |l 0  |o M-5-350  |p 18556  |r 2016-12-01 00:00:00  |w 2016-12-01  |y ARXIU 
999 |c 54452  |d 54452